000 00644nam a2200241Ia 4500
003 OSt
005 20221007100407.0
006 a|||||r|||| 00| 0
007 ta
008 221006b |||||||| |||| 00| 0 eng d
024 _a4,342
037 _cTextual
040 _aLCO
_cLCO
_beng
041 _2eng
_aeng
082 _aV2:47, M0
100 _aVERMA G P
_9100929
245 0 _aCaste reservation in India
_b Law and the constitution
260 _aDelhi
_bChugh Publication.
_c1980
300 _a164
650 _aCAST RESERVATION
_9701598
942 _hV2:47, M0
_cTEXL
999 _c1173905
_d1173905